000 00538nam a22001817a 4500
003 UA-OsUOA
001 6388
007 ta
008 20040511b un ||||| |||| 00| 0 ukr d
100 _aЛюбкіна О. В.
942 _cSA
040 _aUA-OsUOA
_cUA-OsUOA
_dUA-OsUOA
245 _aПризначення і сутність фондових цінних паперів
300 _aС.156-158
955 _a0
773 0 _w0
_tФінанси України
_dКиїв
_d2004
_g№5
650 7 _aБанківська справа
_2UDC
999 _c292549
_d292549